[Event "Bicaz City Cup 2020"]
[Site "Bicaz"]
[Date "2020.03.08"]
[Round "7.3"]
[White "Bargan, Sergiu"]
[Black "Manolache, Marius"]
[Result "0-1"]
[WhiteElo "2258"]
[BlackElo "2541"]
[Annotator "TA"]
[PlyCount "88"]
[EventDate "2020.03.05"]
[EventType "swiss"]
[EventCountry "ROU"]
[SourceTitle "playchess.com"]
[Source "ChessBase"]
[SourceQuality "1"]

{[%evp 14,88,66,52,59,57,71,71,70,66,91,60,79,16,14,13,60,11,19,16,22,-7,15,-5,0,-21,-16,-17,-10,-22,-24,-32,-25,-30,-29,-41,-32,-35,-19,-35,-27,-39,-39,-43,0,0,-9,-58,0,-98,-82,-109,0,-159,-162,-159,-159,-203,-189,-381,-404,-391,-390,-395,-391,-398,-398,-398,-379,-587,-560,-659,-641,-643,-634,-514,54]} 1. d4 Nf6 2. c4 d6 3. Nc3 g6 4. e4 Bg7 5. Be2 Na6 6. Nf3 O-O 7. O-O c6 8. Be3 Nc7 {8...e5 is setting a new trend. E91: King's Indian: Classical: 6 Be2, unusual replies including 6...c5 and 6...Bg4.} 9. Nd2 e5 10. d5 $1 c5 {White is better.} 11. a3 b6 12. b4 Nfe8 {[#]} 13. Nb5 $146 (13. Nf3 $16) ({Predecessor:} 13. bxc5 bxc5 14. Rb1 f5 15. f3 f4 16. Bf2 g5 17. Nb3 Nf6 18. Nxc5 dxc5 19. Bxc5 {1-0 (47) Kaufman,R (2323)-Beaudry,L (2022) Richmond 2013}) 13... f5 {Hoping for ...f4.} 14. f3 Rf7 15. Qb1 f4 16. Bf2 h5 17. Nxc7 (17. Qd1 {with more complications.} h4 18. Bd3 g5 19. h3 Nf6 20. Nc3) 17... Qxc7 18. Bd1 Bd7 19. Bb3 g5 20. Qc2 Bf6 21. Ba4 Rg7 22. Bxd7 Qxd7 23. Kh1 g4 24. Be1 Rc8 25. Qd3 Bg5 26. bxc5 bxc5 27. Rb1 Nf6 28. Nb3 Kh7 29. Na5 Rcg8 30. Nc6 Qf7 (30... gxf3 $15 31. Qxf3 Bh6) 31. Ba5 (31. Rg1 $11) 31... Qg6 $17 32. Bd8 Nd7 (32... Nxd5 $17 {And now ...Ne3 would win.} 33. cxd5 (33. Bxg5 Ne3 $17) 33... Bxd8) 33. Ba5 $2 ({White should play} 33. Bc7 $11) 33... gxf3 34. Qxf3 Nf6 $1 35. Rfe1 Ng4 36. Bd2 $2 {[#]} (36. Rb2) 36... Bh4 $1 $19 37. Re2 {[#]} Nf2+ $1 {[%mdl 512]} 38. Rxf2 Bxf2 39. Qxf2 Qxg2+ 40. Qxg2 Rxg2 41. Rd1 (41. Bc3 $142 f3 42. Ne7) 41... f3 {Black is clearly winning.} 42. Ne7 R8g4 43. Nf5 f2 {( -> ...Rg1+)} 44. Ng3 {[#]} Rg1+ $1 {[%mdl 33280] Accuracy: White = 55%, Black = 87%. . Loss on time!?} 0-1

[Event "Bicaz City Cup 2020"]
[Site "Bicaz"]
[Date "2020.03.08"]
[Round "7.4"]
[White "Baltag, Iulian"]
[Black "Telea, Stefan"]
[Result "1-0"]
[WhiteElo "2391"]
[BlackElo "2006"]
[Annotator "TA"]
[PlyCount "83"]
[EventDate "2020.03.05"]
[EventType "swiss"]
[EventCountry "ROU"]
[SourceTitle "playchess.com"]
[Source "ChessBase"]
[SourceQuality "1"]

{[%evp 9,83,33,30,2,5,0,10,-3,32,19,11,0,15,3,11,-7,0,0,0,-54,-54,-56,-33,-54,-8,-79,-57,-102,-44,-35,-29,-38,143,144,142,140,141,120,140,148,141,143,225,229,250,247,378,370,378,374,329,313,304,296,295,310,364,362,497,362,339,347,432,432,536,529,547,507,532,499,472,246,1269,1274,1123,1031]} 1. e4 d5 2. exd5 Qxd5 3. Nc3 Qa5 4. g3 Nf6 5. Bg2 Nc6 6. Nge2 {B01: Scandinavian Defence.} e5 7. a3 {[#]} Be7 $146 ({Predecessor:} 7... Bg4 8. h3 Bd7 9. Rb1 Qb6 10. b4 Nd4 11. O-O O-O-O 12. d3 Bc6 13. Nxd4 exd4 {0-1 (47) Pakosta,M (2097)-Rapport,J (2352) Caleta 2016}) 8. d3 {The position is equal.} Qc5 9. h3 Be6 10. b4 Qd6 11. b5 Nd4 12. a4 Nxe2 13. Nxe2 Bd5 14. f3 (14. O-O $11) 14... O-O 15. O-O Rad8 16. Be3 c5 17. Nc3 (17. Qe1 $11 {remains equal.}) 17... Be6 $17 18. Qe2 {[#]} e4 ({Black should play} 18... c4 $1 $17 {[%cal Rc4d3][%mdl 512]} 19. Rfd1 (19. dxc4 Qc7) 19... Qb4) 19. fxe4 Qxg3 20. Qf2 Bd6 $2 (20... Qe5 $15 {keeps the upper hand.} 21. Ne2 Nh5) 21. Qxg3 $16 {Black is on the road to losing.} Bxg3 22. Bxc5 {[%mdl 64] Double Attack} Be5 23. Bxf8 Kxf8 {[#]} 24. Ne2 $1 Bxa1 25. Rxa1 b6 (25... Nd7 $16 26. Kf2 Ke7) 26. Kf2 $18 Ke7 27. Ke3 g5 (27... Nd7 {might work better.} 28. a5 Kd6) 28. Nd4 Bd7 29. e5 Nh5 30. Nc6+ Bxc6 31. bxc6 {[%mdl 4096] Endgame KRB-KRN} Nf4 32. Bf3 Ne6 33. c3 f5 34. exf6+ Kxf6 35. d4 Nf4 36. h4 Re8+ {[#]} 37. Kd2 $1 gxh4 38. Rh1 h3 39. Bg4 h5 40. Bxh3 (40. Bd7 $142 Re2+ 41. Kd1) 40... Re7 $2 (40... Nxh3 41. Rxh3 Rh8) 41. Rf1 Kg5 42. Bd7 {Accuracy: White = 76%, Black = 47%.} 1-0

[Event "Bicaz City Cup 2020"]
[Site "Bicaz"]
[Date "2020.03.08"]
[Round "7.5"]
[White "Dobre, Claudiu-Cristian"]
[Black "Pislariu, Stefanel-Vasilica"]
[Result "1-0"]
[WhiteElo "2312"]
[BlackElo "1954"]
[Annotator "TA"]
[PlyCount "64"]
[EventDate "2020.03.05"]
[EventType "swiss"]
[EventCountry "ROU"]
[SourceTitle "playchess.com"]
[Source "ChessBase"]
[SourceQuality "1"]

{[%evp 9,64,-6,-5,0,13,0,0,5,4,-6,10,13,22,23,30,-68,33,18,45,38,55,0,0,-20,97,-9,75,74,112,84,102,104,104,83,91,58,83,38,78,65,217,217,233,226,318,296,297,280,425,417,441,440,481,415,478,421,2552]} 1. c4 c6 2. Nf3 d5 3. d4 Nf6 4. Nbd2 Bf5 5. g3 e6 6. Bg2 {D11: Slav Defence: 3 Nf3 sidelines and 3...Nf6 4 e3 Bg4.} Nbd7 7. Nh4 Bg4 8. h3 {The position is equal.} Bh5 9. g4 Bg6 10. O-O Bd6 11. Nxg6 hxg6 {[#]} 12. e4 $146 (12. f4 $11) ({Predecessor:} 12. Re1 Qe7 13. e4 dxe4 14. Nxe4 Nxe4 15. Rxe4 O-O-O 16. Rb1 Nf6 17. Re3 Rd7 18. b4 Rhd8 19. Ba3 {1-0 (24) Lampert,J (2500)-Skibbe,W (2279) Erfurt 2016}) 12... dxe4 (12... Nxe4 $1 $15 13. Nxe4 dxe4) 13. g5 $36 {[%mdl 2048] White is more active.} Nh5 14. Nxe4 Bb8 15. Qg4 (15. Qb3 $14) 15... Qc7 $11 {[%csl Gb8][%cal Rc7h2] [#]} 16. f4 O-O (16... Nb6 $1 $11 {keeps the balance.}) 17. Be3 (17. c5 $16) 17... a5 (17... Nb6 $1 $11 18. Rac1 Rd8) 18. c5 $16 Qd8 19. Nd2 Qe7 20. Nc4 Bc7 21. b3 Nb8 22. a3 Na6 23. Be4 Rad8 24. Rab1 Rd5 $2 {[#] This move loses the game for Black.} ({Black should play} 24... Rd7 $14) 25. Bxd5 $18 exd5 26. Ne5 f6 (26... Bxe5 {keeps fighting.} 27. fxe5 Nc7) 27. gxf6 ({Stronger than} 27. Nxg6 Qxe3+ 28. Rf2 (28. Kh2 Nxf4 29. Nxf8 f5 $17) 28... Ng3 $11) 27... gxf6 28. Qxg6+ Ng7 (28... Qg7 {was worth a try.} 29. Qxg7+ Nxg7) 29. Ng4 f5 30. Ne5 Qh4 31. Rf3 Rf6 32. Qg5 Nb8 {Accuracy: White = 71%, Black = 38%.} (32... Qxg5+ $142 33. fxg5 Re6) 1-0

[Event "Bicaz City Cup 2020"]
[Site "Bicaz"]
[Date "2020.03.08"]
[Round "7.6"]
[White "Andronescu, Madalin"]
[Black "Tablan, Matei-Christian"]
[Result "1-0"]
[WhiteElo "2148"]
[BlackElo "1858"]
[Annotator "TA"]
[PlyCount "65"]
[EventDate "2020.03.05"]
[EventType "swiss"]
[EventCountry "ROU"]
[SourceTitle "playchess.com"]
[Source "ChessBase"]
[SourceQuality "1"]

{[%evp 18,64,27,25,19,25,29,0,21,-4,27,27,93,73,126,57,81,77,78,90,82,71,87,46,181,182,191,173,441,425,485,250,376,352,352,333,557,520,29996,793,756,727,29996,29997,29997,338,29998,29999,29999]} 1. e4 e6 2. d4 d5 3. Nc3 dxe4 4. Nxe4 Nd7 5. Nf3 Ngf6 6. Bd3 Nxe4 7. Bxe4 Nf6 8. Bd3 c5 9. O-O cxd4 10. Nxd4 Bd6 {C10: French with 3 Nc3: Unusual Black 3rd moves and 3...dxe4.} 11. Nb5 Bb8 12. Bg5 {[#]} a6 $146 {The position is equal.} ({Predecessor:} 12... O-O 13. Qe2 a6 14. Nc3 b5 15. Bxf6 Qxf6 16. Qe4 Qh6 17. h3 Ra7 18. Qe2 Rd7 {½-½ (53) Rosenhain,R (1579)-Recktenwald,C (1453) Magdeburg 2014}) 13. Nc3 Qc7 {[%csl Gb8][%cal Rc7h2]} 14. g3 Qe5 (14... h6 $11 {remains equal.} 15. Bxf6 gxf6) 15. Ne4 $16 Bd7 ({Inferior is} 15... Nxe4 16. Bb5+ $1 {[%mdl 512]} Bd7 17. Qxd7+ Kf8 18. Qe8#) 16. Bf4 (16. Nxf6+ $1 $16 gxf6 17. Bf4 Qxb2 18. Rb1 Qxa2 19. Rxb7 Bxf4 20. Rxd7 (20. Bc4 $2 Qa4 $19)) 16... Qd5 17. c4 Qc6 {...Bxf4 is the strong threat.} 18. Nxf6+ gxf6 19. Bxb8 Rxb8 20. Qh5 f5 {Black cannot hold the game after this.} (20... Rc8 $14) 21. Rfe1 $18 O-O 22. Rad1 Rbd8 $2 (22... Kh8 {might work better.} 23. Qh4 Rbe8 24. Qf6+ Kg8) 23. Qg5+ Kh8 24. Qf6+ $40 {[%mdl 128] Black is in trouble.} Kg8 25. Bf1 Qc7 26. Rd4 Bc6 $2 {[#]} (26... Ba4 27. Rh4 Bc2) 27. Rh4 $1 Rd7 (27... Rfe8 $18 28. Rh5 Rd6 29. Rg5+ Kf8 30. Rxf5 e5) 28. Rh5 (28. Qg5+ $142 Kh8 {[#]} 29. Qh6 $1 {[%mdl 576] Double Attack} Qxg3+ 30. fxg3 Kg8 31. Qxh7#) 28... Re8 {[#]} 29. Rxf5 $1 {[%mdl 512]} Qd8 (29... exf5 30. Rxe8#) 30. Rg5+ Kf8 31. Qg7+ {[%mdl 64] Double Attack} Ke7 {[#]} 32. Rxe6+ $1 {[%mdl 512]} Kxe6 33. Qe5# {Accuracy: White = 79%, Black = 50%.} 1-0

[Event "Bicaz City Cup 2020"]
[Site "Bicaz"]
[Date "2020.03.08"]
[Round "7.7"]
[White "Dinca, Ovidiu"]
[Black "Filip, Andrei"]
[Result "1-0"]
[WhiteElo "1854"]
[BlackElo "2103"]
[Annotator "TA"]
[PlyCount "121"]
[EventDate "2020.03.05"]
[EventType "swiss"]
[EventCountry "ROU"]
[SourceTitle "playchess.com"]
[Source "ChessBase"]
[SourceQuality "1"]

{[%evp 23,121,-13,-8,-20,-8,-28,14,23,22,0,0,-3,-8,-19,-5,-12,0,-16,0,0,22,-6,43,-25,0,-27,-23,-31,-20,-32,-32,-40,0,-43,0,0,0,-7,-6,-8,-8,-47,0,-51,0,0,0,0,24,-12,-9,-44,0,0,0,0,0,0,17,0,0,0,22,22,21,20,20,15,120,120,120,120,122,76,84,84,77,49,128,139,299,304,302,283,362,289,667,400,369,229,947,890,6123,6107,29978,29980,29979,29979,29987,29988]} 1. d4 Nf6 2. Nf3 e6 3. Bf4 d5 4. e3 Bd6 5. Bg3 c5 6. c3 Qc7 7. Nbd2 Nbd7 8. Bd3 O-O 9. O-O e5 10. dxe5 Nxe5 11. Nxe5 Bxe5 12. Bxe5 Qxe5 13. Qf3 {13.Re1 is becoming the main line. D02: 1 d4 d5 2 Nf3 sidelines, including 2...Nf6 3 g3 and 2...Nf6 3 Bf4.} Bg4 14. Qg3 {[#]} Qh5 $146 ({Predecessor:} 14... Qe6 15. h3 Bf5 16. Bxf5 Qxf5 17. Rac1 b6 18. Rfd1 Rad8 19. Nf3 h6 20. Qc7 Rd7 21. Qe5 Qxe5 22. Nxe5 Re7 23. Nf3 {½-½ (23) Mufic,G (2214)-Ceschia,I (2211) Trieste 2020}) 15. Rfe1 {The position is equal.} Rad8 {[%cal Ba8d8,Bd8d7,Bd7e7][%mdl 32]} 16. f3 (16. e4 {feels hotter.} Rfe8 17. f3 Be6 18. e5 Nd7 19. f4) 16... Bf5 17. Bxf5 Qxf5 18. Nf1 Rd7 19. Rad1 Re8 20. Rd2 Rde7 21. Red1 h6 22. a3 Re5 {[#]} 23. h3 (23. c4 $1 $14 {[%mdl 512]}) 23... Qe6 24. Kh1 b5 25. Qf2 Qb6 26. Qh4 a5 27. b3 c4 28. b4 axb4 29. axb4 Ra8 30. Qf4 Re7 31. g4 Ra3 {aiming for ...g5.} 32. Rc1 Qa6 (32... g5 $5 {[%cal Rg5f4]} 33. Qf5 Rxe3 34. Nxe3 Qxe3 $17 {[%mdl 64] Double Attack}) 33. h4 (33. Kg2 $11) 33... Ra1 (33... Qe6 $15) 34. Rcd1 $11 Rxd1 35. Rxd1 Qa2 36. Qh2 Qb3 37. Qd2 Ra7 (37... d4 $5 38. exd4 Nd5 $11) 38. Qd4 Ra2 39. Rd2 Ra1 40. Kg2 Qb1 41. Rf2 Qe1 42. Qd2 Qxd2 43. Rxd2 {[%mdl 4096] Endgame KRN-KRN} g5 44. hxg5 hxg5 45. Ng3 Rc1 (45... Ra3 $11) 46. Ne2 $16 Re1 47. Kf2 Rh1 48. Nd4 Rh2+ 49. Ke1 Rh1+ 50. Ke2 Nd7 ({Better is} 50... Kf8 $14) 51. Nxb5 {[%mdl 64] [#] Discovered Attack} Ne5 $2 {This move loses the game for Black.} (51... Rh2+ $16 52. Kd1 Rxd2+ 53. Kxd2 Nf6) 52. Rxd5 $18 Rh2+ 53. Kd1 Nxf3 54. Rf5 Rd2+ 55. Kc1 Rf2 56. Nd4 Rf1+ $2 (56... Ne1 57. Rxg5+ (57. Rxf2 Nd3+ 58. Kd2 Nxf2 $18) 57... Kf8) 57. Kb2 Nd2 58. Rxf1 Nxf1 59. b5 {[%cal Bb4b5,Bb5b6][%mdl 32] White mates.} Nxe3 60. b6 Nd1+ 61. Kc1 {Accuracy: White = 74%, Black = 51%.} 1-0

[Event "Bicaz City Cup 2020"]
[Site "Bicaz"]
[Date "2020.03.08"]
[Round "7.8"]
[White "Vilcu, Matei-Stefan"]
[Black "Tufa, Mihai"]
[Result "1-0"]
[WhiteElo "2037"]
[BlackElo "1835"]
[Annotator "TA"]
[PlyCount "136"]
[EventDate "2020.03.05"]
[EventType "swiss"]
[EventCountry "ROU"]
[SourceTitle "playchess.com"]
[Source "ChessBase"]
[SourceQuality "1"]

{[%evp 18,136,25,22,51,35,42,31,47,40,43,43,66,62,61,65,70,72,78,70,73,61,67,68,82,74,100,46,48,50,43,36,52,28,35,36,36,32,35,27,29,24,24,23,20,23,22,0,0,-7,35,29,105,56,128,128,128,128,128,128,113,82,116,109,202,4134,2162,116,100,78,72,90,85,83,150,152,127,42,60,141,257,235,470,468,452,445,625,592,1037,952,1090,851,1179,1173,1179,273,679,612,1172,1165,1147,1095,987,573,29970,29973,6621,29965,5728,5700,29977,29978,29976,29977,29982,29983,29983,29984,29984,29985,29985]} 1. e4 c5 2. Nf3 Nc6 3. d4 cxd4 4. Nxd4 Nf6 5. Nc3 e6 6. Ndb5 Bb4 7. a3 Bxc3+ 8. Nxc3 d5 9. exd5 exd5 10. Bd3 Qe7+ {B45: Sicilian Four Knights.} 11. Ne2 O-O 12. O-O Ne5 {White is slightly better.} 13. Nd4 Nxd3 14. Qxd3 Qe4 {[#]} 15. Rd1 $146 ({Predecessor:} 15. Bg5 Qxd3 16. cxd3 Nd7 17. Nb5 Nb6 18. Nc7 Rb8 19. Be7 Bf5 20. Bxf8 Kxf8 21. Rfc1 Bxd3 {1-0 (31) Garcia Roman,D (2271)-Ortega Ruiz,J (2255) Mondariz 2000}) 15... Qxd3 16. Rxd3 Bd7 17. f3 h6 18. Kf2 Rfe8 19. Bd2 Rac8 20. Bc3 a6 21. Rd2 Be6 22. a4 (22. Re1 $16) 22... Nd7 $14 23. a5 Nb8 24. Ra4 Nc6 25. Ne2 f6 26. Nf4 Rcd8 27. Bd4 Kf7 28. Bb6 Rd7 29. Ra1 g5 30. Nxe6 Rxe6 31. Rad1 $36 {[%mdl 2048] White has the initiative.} Re5 32. c4 {[%cal Rc4d5]} Ke6 33. Bd4 Nxd4 34. Rxd4 $11 {[%mdl 4096] Endgame KRR-KRR} h5 (34... Rc7 $1 $11 {remains equal.}) 35. R1d2 f5 ({Black should try} 35... Rc7 $14) 36. g3 $1 $16 f4 37. gxf4 gxf4 38. b4 Rf5 39. Kf1 Rd6 40. Kg2 Kd7 (40... b6 $16) 41. Rxd5 $2 ({Don't do} 41. cxd5 $6 Rdf6 $16) (41. Kh3 Rg6 42. Rxd5+ Rxd5 43. Rxd5+ Ke6 44. Rxh5) 41... Rdxd5 42. cxd5 $2 $18 {KR-KR} (42. Rxd5+ $18 Rxd5 43. cxd5) 42... Kd6 $16 43. Rd4 Ke5 44. Rc4 Kxd5 45. Rc7 Kd4 (45... Re5 $142) 46. Rxb7 Rg5+ 47. Kf2 (47. Kh3 $1 $16) 47... Kc4 $14 48. Rb6 {White stays focused until the end.} (48. Ra7 $14) 48... Rb5 (48... h4 $16) 49. Rxa6 $18 {Strongly threatening Rb6.} Rxb4 $2 (49... Kxb4 {was necessary.} 50. Rf6 Rxa5) 50. Re6 $1 {[%cal Re6e4] White wants to mate with Re4+.} Kd3 51. Kg2 $1 {[%cal Rg2h3]} Rb5 {[#]} (51... Rb2+ $142 52. Kh3 Ra2) 52. a6 $1 Ra5 {[#]} 53. Kh3 $1 {[%cal Rh3h4]} Kd4 54. Kh4 Kd3 55. Re4 Rxa6 56. Rxf4 $2 (56. Kxh5 Ra8 57. Kg4) 56... Ke3 $2 (56... Ra5 57. Re4 Rd5) 57. Rf5 Ra2 58. h3 Kf2 59. f4 Kg2 60. Rxh5 Ra3 61. Kg5 Kf3 62. f5 Ke4 63. Kf6 Ra6+ 64. Kg7 {White mates.} Ra7+ 65. Kg6 Ke5 66. f6+ Ke6 67. Rh8 Ra3 68. Re8+ Kd5 {Accuracy: White = 83%, Black = 53%.} 1-0

[Event "Bicaz City Cup 2020"]
[Site "Bicaz"]
[Date "2020.03.08"]
[Round "7.9"]
[White "Antal, Hunor-Zoltan"]
[Black "Covrig, Larisa-Raluca"]
[Result "1-0"]
[WhiteElo "1989"]
[BlackElo "1779"]
[Annotator "TA"]
[PlyCount "89"]
[EventDate "2020.03.05"]
[EventType "swiss"]
[EventCountry "ROU"]
[SourceTitle "playchess.com"]
[Source "ChessBase"]
[SourceQuality "1"]

{[%evp 13,89,22,28,27,33,38,37,45,76,70,88,81,87,82,81,60,62,62,62,62,68,63,66,8,8,8,8,8,8,8,7,6,8,7,3,6,4,0,0,-56,-56,-56,-56,-86,0,0,0,-3,-3,-36,0,0,38,0,0,0,0,0,0,0,0,0,0,0,0,0,0,0,0,0,29978,29978,29978,29979,29984,29985,29984,29983]} 1. d4 f5 2. Nf3 Nf6 3. g3 g6 4. Bg2 Bg7 5. O-O O-O 6. b3 d6 7. Bb2 e6 8. c4 {A81: Dutch Defence: 2 g3.} Qe7 9. Nc3 Nc6 10. Rc1 {[#] White is slightly better.} e5 $146 ({Predecessor:} 10... Ne4 11. Nxe4 fxe4 12. Ne1 d5 13. Nc2 Rd8 14. Qd2 a5 15. Rcd1 Nb4 16. Ba3 c5 17. dxc5 Nxa2 {0-1 (52) Malakhov,V (2712)-Halkias,S (2570) Helsingor 2012}) 11. dxe5 dxe5 12. Nd5 Nxd5 13. cxd5 ({But not} 13. Qxd5+ Be6 $15) 13... Nd8 14. Qc2 c6 15. Rfd1 cxd5 16. Rxd5 {[%cal Rf3e5]} Nc6 17. Qc5 Qxc5 18. Rdxc5 (18. Rcxc5 $14 e4 19. Bxg7 Kxg7 20. Nd4) 18... e4 $11 19. Bxg7 Kxg7 20. Ne5 Nxe5 21. Rxe5 {White wants to play Re7+.} Kf6 $36 {[%mdl 2048] Black is pushing.} 22. Rec5 Be6 23. f3 exf3 24. Bxf3 b6 25. Rc6 Rac8 26. g4 (26. Bd5 $11 Rxc6 27. Rxc6) 26... Rxc6 $15 27. Rxc6 {[%mdl 4096] Endgame KRB-KRB} Rc8 28. g5+ Ke7 ({Black should play} 28... Ke5 $17) 29. Rxc8 $11 Bxc8 {KB-KB} 30. Kf2 Kd6 31. Ke3 Be6 32. Kd4 Bf7 33. h4 a5 34. e4 fxe4 35. Bxe4 Bg8 36. Bd3 Be6 37. Bc4 Bxc4 38. bxc4 {KP-KP} Ke6 39. c5 b5 $1 40. Ke4 b4 (40... a4 $5) 41. Kd4 {aiming for Kc4.} a4 $2 {[%mdl 8192] [#]} (41... Kd7 $11 42. Kd5 Kc7) 42. Kc4 {White mates.} b3 43. axb3 axb3 44. Kxb3 Kd5 45. Kb4 {Accuracy: White = 84%, Black = 84%.} 1-0

[Event "Bicaz City Cup 2020"]
[Site "Bicaz"]
[Date "2020.03.08"]
[Round "7.11"]
[White "Melinte, Rares-Andrei"]
[Black "Lupu, Ovidiu"]
[Result "0-1"]
[WhiteElo "1785"]
[BlackElo "2009"]
[Annotator "TA"]
[PlyCount "72"]
[EventDate "2020.03.05"]
[EventType "swiss"]
[EventCountry "ROU"]
[SourceTitle "playchess.com"]
[Source "ChessBase"]
[SourceQuality "1"]

{[%evp 10,72,29,0,8,0,3,2,4,0,0,13,15,-10,-10,-2,29,-13,109,32,125,29,80,11,18,2,7,0,66,-72,-64,-419,-445,-725,-704,-727,-714,-725,-720,-763,-759,-782,-788,-766,-752,-763,-686,-825,-754,-886,-763,-892,-862,-1099,-854,-1287,-1285,-1216,-1134,-1819,-1729,-1716,-1705,-6323,-6159]} 1. d4 Nf6 2. Nf3 d5 3. c4 c6 4. Nc3 a6 5. a4 e6 6. e3 Bd6 {6...a5 gains popularity. D15: Slav Defence: 4 Nc3 a6 and gambit lines after 4 Nc3 dxc4.} 7. Bd3 O-O 8. O-O Nbd7 {The position is equal.} 9. e4 dxc4 10. Bxc4 {[#] And now e5 would win.} e5 $1 11. Bg5 exd4 12. Qxd4 {[#]} Bc5 $146 ({Predecessor:} 12... Qe7 13. Rad1 Bc5 14. Qd2 h6 15. Bh4 b5 16. e5 Nxe5 17. Nxe5 Qxe5 18. Rfe1 Qh5 19. Bxf6 bxc4 {1-0 (31) Baymuratova,S (2118)-Nadirjanova,N (2114) Tashkent 2017}) 13. Qd1 Qb6 (13... Qe7 $11) 14. Qc2 (14. e5 $16 Ng4 15. Qe2) 14... h6 (14... Bd6 $14) 15. Bh4 (15. e5 $16 Nxe5 16. Nxe5 hxg5 17. Ne4 Nxe4 18. Qxe4) 15... Re8 (15... Qc7 $11) 16. Rfe1 (16. Bxf6 $16 {aiming for e5.} Nxf6 17. e5) 16... Ng4 $1 $11 17. e5 Ndxe5 18. Nxe5 Rxe5 ({Black should play} 18... Nxe5 $11 19. a5 Qc7) 19. Rxe5 (19. a5 $1 $14 {was forced to keep a grip.} Qc7 20. Bg3) 19... Nxe5 $17 20. Re1 $2 {[%mdl 8192] [#] This move loses the game for White.} ({Better is} 20. a5 $15 Bf5 {[%mdl 64] Deflection} 21. Qxf5 Qxb2 {[%mdl 64] Double Attack} 22. Rb1 Qxc3 {[%mdl 64] Double Attack} 23. Bf1) 20... Nxc4 $19 21. a5 (21. Re8+ $142 Bf8 22. Ne4) 21... Qxa5 22. Re8+ Bf8 {Hoping for ...Bf5.} 23. Qc1 Nd6 24. Re1 Be6 25. Ne4 Nxe4 26. Rxe4 Qc5 27. Qe1 Be7 28. Bg3 Bf6 29. h3 Rd8 30. Kh2 Qc2 31. b4 Qd2 32. Rxe6 fxe6 33. Qxe6+ Kh8 34. Qf5 Qxb4 35. Bf4 Qd4 36. h4 Qxf2 {Accuracy: White = 24%, Black = 55%.} 0-1

[Event "Bicaz City Cup 2020"]
[Site "Bicaz"]
[Date "2020.03.08"]
[Round "7.12"]
[White "Popa, Marian"]
[Black "Mintau, Andrei-Catalin"]
[Result "0-1"]
[WhiteElo "1716"]
[BlackElo "1984"]
[Annotator "TA"]
[PlyCount "60"]
[EventDate "2020.03.05"]
[EventType "swiss"]
[EventCountry "ROU"]
[SourceTitle "playchess.com"]
[Source "ChessBase"]
[SourceQuality "1"]

{[%evp 22,60,50,47,66,31,38,26,16,16,25,35,69,57,77,44,75,0,79,76,78,72,89,88,148,55,50,-42,-39,-47,-41,-54,-47,-39,-37,-112,-105,-162,-167,-162,-166]} 1. d4 Nf6 2. c4 c5 3. d5 b5 4. cxb5 a6 5. bxa6 Bxa6 6. Nc3 g6 7. g3 d6 8. Bg2 Bg7 9. Nf3 O-O 10. O-O Nbd7 11. Rb1 Qa5 12. Bd2 Rfb8 {A58: Benko/Volga Gambit: Lines with 5 bxa6.} 13. Re1 Ng4 14. Qc2 Nge5 {White has an edge.} 15. Nxe5 Nxe5 16. b3 Qb6 17. h3 {[#]} Nd7 $146 ({Predecessor:} 17... Qa7 18. Na4 c4 19. Be3 Qd7 20. Nb6 cxb3 21. Nxd7 bxc2 22. Rxb8+ Rxb8 23. Nxb8 Bb5 24. Be4 Ba4 25. Rc1 Nc4 26. Bxc2 Bxc2 27. Rxc2 Nxe3 28. Rc8+ {1-0 (29) Osorio Ramos,F (1834)-Ballesteros Jimenez,M (1603) Madrid 2016}) 18. Na4 Qb5 19. Nc3 (19. Nb2 $16) 19... Qb7 (19... Qb6 $1 $11 {remains equal.}) 20. a4 $16 Qa7 21. Bf1 Ne5 {[%cal Bd7e5,Be5f3,Bf3d4,Bd4b3][%mdl 32]} 22. Kg2 Bc8 {[#]} (22... Qb6 $142) 23. e4 (23. f4 $1 $16) 23... Qd7 $14 24. Kh1 (24. g4 $14) 24... Nf3 $15 {[%mdl 1024] Black has compensation.} 25. Re3 Nd4 26. Qd1 Ba6 $36 {[%mdl 2048] Black has good play.} 27. Bg2 Rb7 28. h4 ({White should play} 28. Na2 $15) 28... Rab8 $17 {[%cal Rd4b3]} 29. Na2 {[#]} (29. Nb5 $17) 29... Bc4 $1 $19 {[%cal Rc4b3][%mdl 576] Pin} 30. Nc1 {[#]} (30. bxc4 Rxb1) 30... Nxb3 $1 {[%mdl 512] Accuracy: White = 53%, Black = 75%.} 0-1